Luke, Be a Jedi Tonight Quiz Stats

 Plays Quiz not verified by Sporcle

Challenge
Share
Tweet
Embed
Score 0/40 Timer 05:00
0 Plays Today
% Correct
a
98.3%
a
98.3%
a
98.3%
a
98.3%
Luke,
96.6%
be
96.6%
be
96.6%
Luke,
96.6%
be
96.6%
Jedi
95.8%
Jedi
95.8%
Jedi
95.8%
tonight!
94.1%
tonight!
94.1%
tonight!
94.1%
for
79.8%
for
79.8%
the
78.2%
the
78.2%
Do
73.9%
% Correct
do
73.9%
it
72.3%
it
72.3%
and
68.1%
and
68.1%
and
68.1%
Just
64.7%
Yoda,
63.9%
Chewie,
57.1%
Ewoks,
54.6%
all
51.3%
other
50.4%
we
47.1%
soda.
46.2%
puppets ...
45.4%
while
41.2%
our
38.7%
serve
37%
guests
37%
Uh,
25.2%

You're not logged in!

Compare scores with friends on all Sporcle quizzes.
Join for Free
OR
Log In

You Might Also Like...

Show Comments

Extras

Top Quizzes Today


Score Distribution

Your Account Isn't Verified!

In order to create a playlist on Sporcle, you need to verify the email address you used during registration. Go to your Sporcle Settings to finish the process.

Report this User

Report this user for behavior that violates our Community Guidelines.

Details: